000 00449nam a2200157 i 4500
001 bg
100 1 _aDOMAŃSKI, Edward
245 0 _aNowe metody wyznaczania naciągów i zwisów napowietrznych lini elektroenergetycznych /
_cEdward Domański, Bolesław Mayzel.
260 _aWarszawa,
_c1966.
700 1 _aMAYZEL, Bolesław
040 _cBPK
041 _apol
080 _a621.315
942 _cKS
008 s pl f |000 0 pol
999 _c16163
_d16163
856 _uhttp://koha.tu.koszalin.pl/cgi-bin/koha/opac-detail.pl?biblionumber=16163
_yKatalog online BPK